Представление документа в формате MARC21

Поле Инд. ПП Название Значение
Тип записи a
Библиографический уровень b
001 Контрольный номер RU/IS/BASE/431620249
005 Дата корректировки 20200529173544.3
008 Кодируемые данные 20130904
040 b Код языка каталог. rus
e Правила каталог. PSBO
041 0_ a Код языка текста rus
100 1_ a Автор Сухоруков К. М.
245 10 a Заглавие Некруглый грустный юбилей
773 08 t Заглавие источника Библиография
d Дата издания источника 2012
g Прочая информация № 6. - С. 74 - 76
w Контрольный № источника RU/IS/BASE/412272690
901 t Тип документа b